=LDR 00000nam 2200000 4500 =001 INLIS000000000002192 =005 20130612090541 =008 ***********************************Ind** =035 ##$$0010-061300000002192 =041 ##$$a Ind =082 ##$$a 959.803 =090 ##$$a 959.803, Leg k =100 ##$$a Legge,J.D =245 ##$$a Kaum intelektual dan perjuangan kemerdekaan, peranan kelompok Sjahrir, J.D. Legge;penertejah,Hasan Basari =260 ##$$a 1993 $b Jakarta =300 ##$$a x,280 hlm, 21 cm =650 ##$$a Indonesia =650 ##$$a Sejarah =700 ##$$a Basari,Hasan =850 ##$$a NBPNMAT